Normal view
MARC view
- Comino, Sandra,
Entry Nombre Personal
001 - NUMERO DE CONTROL
- campo de control: 34111
003 - IDENTIFICADOR DE NUMERO DE CONTROL
- campo de control: UPN
005 - FECHA Y HORA DE LA ÜLTIMA TRANSACCIÓN
- campo de control: 20220908114526.0
008 - DATOS DE LONGITUD FIJA
- campo de control de longitud fija: 220908nn acannaabn n aaa d
035 ## - NUMERO DE CONTROL
- Número de control: UPN11000006218
040 ## - FUENTE DE CATALOGACIÓN
- Lenguaje de catalogación: SPA
- Agencia de transcripción: UPN
- Agencia original de catalogación: UPN
053 #4 - NÚMERO DE CLASIFICACIÓN LC
- Número de clasificación elemento-número único o número inicial de tramo: PQ7798.13 O5.5
100 1# - ENCABEZAMIENTO - NOMBRE PERSONAL
- Nombre personal: Comino, Sandra,
- Fechas asociadas con el nombre: 1964-
670 ## - FUENTE EN LA QUE SE LOCALIZARON DATOS
- Cita de la fuente: Wikipedia
680 ## - NOTA PUBLICA DE ACCESO PÚBLICO
- Frase explicativa de la referencia: Escritora, docente e investigadora argentina
902 ## - CATALOGADOR
- Catalogador: MITM/060913
